[Event "FIN-chT1B 1516"]
[Site "Finland"]
[Date "2015.09.12"]
[Round "1.3"]
[White "Korhonen, Pasi"]
[Black "Laine, Panu"]
[Result "1/2-1/2"]
[WhiteElo "2078"]
[BlackElo "2140"]
[PlyCount "166"]
[EventDate "2015.09.12"]
[EventType "team-tourn"]
[EventRounds "8"]
[EventCountry "FIN"]
[SourceTitle "EXT 2017"]
[Source "ChessBase"]
[SourceDate "2016.10.25"]
[SourceVersion "1"]
[SourceVersionDate "2016.10.25"]
[SourceQuality "1"]
[WhiteTeam "Mikkeli SK"]
[BlackTeam "Espoo MatSK II"]
[WhiteTeamCountry "FIN"]
[BlackTeamCountry "FIN"]

1. f4 Nf6 2. Nf3 d5 3. b3 g6 4. Bb2 Bg7 5. e3 0-0 6. Be2 c5 7. d4 b6 8. 0-0 Ba6 9. Nbd2 Qc8 10. Bxa6 Qxa6 11. Ne5 Nbd7 12. c4 e6 13. Qf3 Qb7 14. Rad1 Rad8 15. cxd5 exd5 16. Qe2 Rfe8 17. Ndf3 Ne4 18. Nxd7 Qxd7 19. Ne5 Qb7 20. f5 cxd4 21. exd4 f6 22. fxg6 fxe5 23. gxh7+ Kh8 24. dxe5 Qe7 25. Rf5 Rf8 26. Rdf1 Rxf5 27. Rxf5 Rf8 28. Rxf8+ Qxf8 29. h3 Qe8 30. Qg4 Nc5 31. Qf5 Qe6 32. Qg5 Nd7 33. Qd8+ Kxh7 34. Qc7 a5 35. Qc2+ Kg8 36. Qc8+ Kf7 37. Qc7 Kg6 38. Qc2+ Kf7 39. Qc7 Kg8 40. Qc8+ Nf8 41. Qc7 Ng6 42. Bd4 Bxe5 43. Qxb6 Qxb6 44. Bxb6 Bc3 45. Kf2 Kf7 46. Ke3 Ke6 47. Kd3 Be1 48. Ke2 Bb4 49. a3 Bxa3 50. Bxa5 Ke5 51. g3 Ke4 52. Bc7 d4 53. h4 d3+ 54. Kd1 Ne7 55. h5 Nd5 56. Ba5 Ne3+ 57. Ke1 Bf8 58. Bd2 Ng4 59. Kd1 Bd6 60. h6 Bxg3 61. h7 Be5 62. b4 Kd5 63. Kc1 Nf2 64. b5 Ne4 65. Be3 Bc3 66. Kd1 Nd6 67. Bd2 Bh8 68. b6 Kc6 69. Be3 Nc4 70. Bf2 Bc3 71. Be1 Ne3+ 72. Kc1 Bxe1 73. h8Q d2+ 74. Kb2 d1Q 75. Qe8+ Qd7 76. Qxe3 Ba5 77. Qb3 Kb7 78. Qf3+ Kxb6 79. Qb3+ Ka7 80. Qe3+ Bb6 81. Qa3+ Kb7 82. Qf3+ Qc6 83. Qxc6+ Kxc6 1/2-1/2

[Event "FIN-chT1 East 1213"]
[Site "Finland"]
[Date "2012.10.27"]
[Round "2.2"]
[White "Iivonen, Markku"]
[Black "Korhonen, Pasi"]
[Result "1-0"]
[WhiteElo "2022"]
[BlackElo "2065"]
[PlyCount "73"]
[EventDate "2012.09.29"]
[EventType "team-tourn"]
[EventRounds "7"]
[EventCountry "FIN"]
[SourceTitle "EXT 2019"]
[Source "ChessBase"]
[SourceDate "2018.10.10"]
[SourceVersion "1"]
[SourceVersionDate "2018.10.10"]
[SourceQuality "1"]
[WhiteTeam "Tampere Tammer II"]
[BlackTeam "Espoo ESK"]
[WhiteTeamCountry "FIN"]
[BlackTeamCountry "FIN"]

1. e4 c5 2. Nf3 d6 3. d4 cxd4 4. Nxd4 Nf6 5. Nc3 g6 6. Be2 Bg7 7. Be3 0-0 8. Nb3 Nc6 9. f4 Be6 10. g4 Na5 11. g5 Nd7 12. Bd4 Bxb3 13. Bxg7 Bxc2 14. Qxc2 Kxg7 15. h4 Rc8 16. 0-0-0 Nc4 17. Rh3 b5 18. Bxc4 Rxc4 19. Qe2 Qa5 20. Kb1 Rfc8 21. h5 b4 22. hxg6 fxg6 23. Nd5 Qc5 24. Rxh7+ Kxh7 25. Qh2+ Kg8 26. Nxe7+ Kf7 27. Qh7+ Ke8 28. Nxc8 Qxc8 29. Qxg6+ Kd8 30. Qxd6 Rxe4 31. Qf8+ Re8 32. Qf6+ Re7 33. g6 Qc4 34. f5 Qe4+ 35. Ka1 Qc2 36. Qd6 Re2 37. Qxd7# 1-0

[Event "Polanica Zdroj op-B 48th"]
[Site "Polanica Zdroj"]
[Date "2012.08.23"]
[Round "6"]
[White "Korhonen, Pasi"]
[Black "Rozycki, Bartlomiej"]
[Result "1-0"]
[WhiteElo "2082"]
[BlackElo "1971"]
[PlyCount "79"]
[EventDate "2012.08.18"]
[EventType "swiss"]
[EventRounds "9"]
[EventCountry "POL"]
[SourceTitle "EXT 2014"]
[Source "ChessBase"]
[SourceDate "2013.11.20"]
[SourceVersion "1"]
[SourceVersionDate "2013.11.20"]
[SourceQuality "1"]

1. e4 Nf6 2. e5 Nd5 3. Nc3 Nxc3 4. dxc3 d6 5. Nf3 Nc6 6. Bb5 Bd7 7. Qe2 Nxe5 8. Nxe5 dxe5 9. Qxe5 f6 10. Qe2 e5 11. Be3 Bd6 12. Qh5+ g6 13. Bxd7+ Qxd7 14. Qf3 Ke7 15. 0-0-0 b6 16. Rhe1 Kf7 17. a3 Rad8 18. c4 Qe7 19. Qc6 a5 20. Rd3 Qd7 21. Qb7 Qc8 22. Qc6 Qd7 23. Qxd7+ Rxd7 24. c5 bxc5 25. Bxc5 Rhd8 26. Red1 e4 27. R3d2 Bf4 28. Be3 Bxe3 29. fxe3 Rxd2 30. Rxd2 Rxd2 31. Kxd2 Ke6 32. b4 Kd5 33. Kc3 f5 34. bxa5 Kc5 35. a4 Kc6 36. Kd4 Kb7 37. g4 Ka6 38. gxf5 gxf5 39. Ke5 Kxa5 40. Kxf5 1-0

[Event "Polanica Zdroj op-B 48th"]
[Site "Polanica Zdroj"]
[Date "2012.08.22"]
[Round "5"]
[White "Cieslak, Patrycjusz"]
[Black "Korhonen, Pasi"]
[Result "0-1"]
[WhiteElo "1738"]
[BlackElo "2082"]
[PlyCount "92"]
[EventDate "2012.08.18"]
[EventType "swiss"]
[EventRounds "9"]
[EventCountry "POL"]
[SourceTitle "EXT 2014"]
[Source "ChessBase"]
[SourceDate "2013.11.20"]
[SourceVersion "1"]
[SourceVersionDate "2013.11.20"]
[SourceQuality "1"]

1. a3 Nf6 2. d4 g6 3. Nf3 Bg7 4. c3 0-0 5. g3 d5 6. Bg2 Bf5 7. Bf4 Nbd7 8. 0-0 Re8 9. h3 h6 10. g4 Bxb1 11. Qxb1 Ne4 12. Qc2 c5 13. e3 Rc8 14. Nd2 Nxd2 15. Qxd2 e6 16. Rac1 cxd4 17. exd4 Kh7 18. Bg3 Nb6 19. f4 Nc4 20. Qf2 Qb6 21. Rc2 f5 22. gxf5 gxf5 23. Re2 Nd6 24. Kh2 Ne4 25. Bxe4 dxe4 26. Bh4 Rg8 27. Rg1 Bh8 28. Rd1 Qd6 29. Qe3 e5 30. Bg3 exd4 31. cxd4 Qd5 32. Bf2 Bf6 33. Rdd2 Rc7 34. Rc2 Rgc8 35. Rxc7+ Rxc7 36. Rd2 a6 37. Kg2 Rc1 38. Kh2 Rc7 39. Kg2 Rg7+ 40. Kh2 Qb5 41. b4 Qf1 42. Bg3 Qc1 43. Bf2 Rc7 44. d5 Rc3 45. Qe2 Qxa3 46. Bc5 Rxh3+ 0-1

[Event "Dublin Easter e2e4 op"]
[Site "Dublin"]
[Date "2012.04.09"]
[Round "8"]
[White "Keogh, Eamon"]
[Black "Korhonen, Pasi"]
[Result "1-0"]
[WhiteElo "2002"]
[BlackElo "2063"]
[PlyCount "81"]
[EventDate "2012.04.05"]
[EventType "swiss"]
[EventRounds "9"]
[EventCountry "IRL"]
[SourceTitle "CBM 147 Extra"]
[Source "ChessBase"]
[SourceDate "2012.04.24"]
[SourceVersion "1"]
[SourceVersionDate "2012.04.24"]
[SourceQuality "1"]

1. f4 c5 2. c4 Nc6 3. Nc3 g6 4. g3 Bg7 5. Bg2 d6 6. e3 Nf6 7. Nf3 0-0 8. 0-0 Be6 9. d3 d5 10. cxd5 Nxd5 11. Nxd5 Bxd5 12. e4 Be6 13. f5 Bd7 14. fxg6 hxg6 15. Be3 b6 16. d4 cxd4 17. Nxd4 Nxd4 18. Bxd4 Bg4 19. Qxg4 Qxd4+ 20. Kh1 Qxb2 21. e5 Rad8 22. e6 Qxa1 23. exf7+ Rxf7 24. Rxa1 Bxa1 25. Qxg6+ Kf8 26. Qc2 e5 27. h4 Bd4 28. h5 Bf2 29. Qg6 Rd1+ 30. Kh2 Be3 31. Be4 Rdd7 32. h6 a5 33. Qe6 Rde7 34. Qd6 Bc5 35. Qd8+ Re8 36. Qg5 Ree7 37. Bd5 Rf2+ 38. Kh3 Ke8 39. Qh5+ Kf8 40. h7 Rg7 41. h8Q+ 1-0

[Event "Dublin Easter e2e4 op"]
[Site "Dublin"]
[Date "2012.04.09"]
[Round "9"]
[White "Korhonen, Pasi"]
[Black "Annesley, Gareth"]
[Result "1-0"]
[WhiteElo "2063"]
[BlackElo "1911"]
[PlyCount "47"]
[EventDate "2012.04.05"]
[EventType "swiss"]
[EventRounds "9"]
[EventCountry "IRL"]
[SourceTitle "CBM 147 Extra"]
[Source "ChessBase"]
[SourceDate "2012.04.24"]
[SourceVersion "1"]
[SourceVersionDate "2012.04.24"]
[SourceQuality "1"]

1. e4 e5 2. Nf3 Nc6 3. Bb5 Nf6 4. 0-0 Be7 5. Re1 d6 6. d4 Bd7 7. c3 0-0 8. Nbd2 a6 9. Ba4 b5 10. Bb3 h6 11. h3 Re8 12. Nf1 Bf8 13. Ng3 g6 14. Nh4 Na5 15. Nxg6 Bg7 16. Nh4 Nxb3 17. axb3 exd4 18. Nhf5 dxc3 19. Nxg7 Kxg7 20. bxc3 Ng8 21. Be3 Qh4 22. Qf3 Kg6 23. Bd4 c5 24. Nf5 1-0

[Event "Dublin Easter e2e4 op"]
[Site "Dublin"]
[Date "2012.04.08"]
[Round "7"]
[White "Korhonen, Pasi"]
[Black "Christiansen, Johan Sebastian"]
[Result "1/2-1/2"]
[WhiteElo "2063"]
[BlackElo "1938"]
[PlyCount "57"]
[EventDate "2012.04.05"]
[EventType "swiss"]
[EventRounds "9"]
[EventCountry "IRL"]
[SourceTitle "CBM 147 Extra"]
[Source "ChessBase"]
[SourceDate "2012.04.24"]
[SourceVersion "1"]
[SourceVersionDate "2012.04.24"]
[SourceQuality "1"]

1. e4 e5 2. Nf3 Nc6 3. Bb5 f5 4. d4 fxe4 5. Nxe5 Qf6 6. Bxc6 bxc6 7. 0-0 d6 8. Nxc6 Bd7 9. d5 Ne7 10. Nxe7 Bxe7 11. Nc3 Qg6 12. Qe2 Bf5 13. Qb5+ Kf7 14. Ne2 Rhf8 15. Ng3 Kg8 16. Qe2 Bh4 17. Be3 Rab8 18. c4 Bf6 19. Nxf5 Qxf5 20. Rab1 Be5 21. b4 Rf6 22. Rb3 Rbf8 23. Ra3 Rg6 24. Bc1 Rff6 25. c5 Bd4 26. cxd6 cxd6 27. Bb2 Bxb2 28. Qxb2 Qxd5 29. Qb3 1/2-1/2

[Event "Espoo We MatSK Group A"]
[Site "Espoo"]
[Date "2012.02.??"]
[Round "5"]
[White "Aijala, Jouko"]
[Black "Korhonen, Pasi"]
[Result "0-1"]
[WhiteElo "2156"]
[BlackElo "2071"]
[PlyCount "64"]
[EventDate "2012.02.24"]
[EventType "swiss"]
[EventRounds "5"]
[EventCountry "FIN"]
[SourceTitle "EXT 2022"]
[Source "ChessBase"]
[SourceDate "2021.10.06"]
[SourceVersion "1"]
[SourceVersionDate "2021.10.06"]
[SourceQuality "1"]

1. d4 Nf6 2. c4 e6 3. Nc3 Bb4 4. f3 c5 5. d5 exd5 6. cxd5 d6 7. e4 0-0 8. Bd3 Nbd7 9. Nge2 Ne5 10. Bc2 b5 11. 0-0 a6 12. Qe1 Re8 13. Kh1 Ba5 14. f4 Ned7 15. Qh4 b4 16. e5 dxe5 17. fxe5 Rxe5 18. Bg5 Rxg5 19. Qxg5 bxc3 20. bxc3 Nf8 21. c4 Qd6 22. h3 Ng6 23. Rf2 Bc7 24. Kg1 Bd7 25. Kf1 Re8 26. Ng1 Ba5 27. Rd1 Ne4 28. Bxe4 Rxe4 29. Rc1 f6 30. Qh5 Ne5 31. Rfc2 g6 32. Qh6 Nf7 0-1

[Event "Espoo We MatSK Group A"]
[Site "Espoo"]
[Date "2012.02.??"]
[Round "2"]
[White "Korhonen, Pasi"]
[Black "Parkkinen, Jyrki"]
[Result "1-0"]
[WhiteElo "2071"]
[BlackElo "2152"]
[PlyCount "105"]
[EventDate "2012.02.24"]
[EventType "swiss"]
[EventRounds "5"]
[EventCountry "FIN"]
[SourceTitle "EXT 2022"]
[Source "ChessBase"]
[SourceDate "2021.10.06"]
[SourceVersion "1"]
[SourceVersionDate "2021.10.06"]
[SourceQuality "1"]

1. e4 c6 2. d4 d5 3. Nc3 dxe4 4. Nxe4 Nd7 5. Ng5 Ngf6 6. Bc4 e6 7. Qe2 Nb6 8. Bb3 h6 9. N5f3 a5 10. a3 c5 11. Bf4 Bd6 12. Bg3 a4 13. Ba2 Qc7 14. 0-0-0 Bxg3 15. hxg3 cxd4 16. Rxd4 Bd7 17. Ne5 Bc6 18. Ngf3 Bxf3 19. gxf3 Ra5 20. Ng6 Qc5 21. Rhd1 Qg5+ 22. f4 Qxg6 23. Rd8+ Ke7 24. Rxh8 Rc5 25. Rb8 Rc7 26. Qd2 Nfd5 27. Bxd5 Nxd5 28. Qd3 Qxd3 29. Rxd3 Nf6 30. f3 Nd7 31. Ra8 b5 32. Kb1 g5 33. fxg5 hxg5 34. b3 axb3 35. Rxb3 g4 36. f4 Nc5 37. Rc3 Kd7 38. Rg8 Kd6 39. Rxg4 Rb7 40. Rg8 b4 41. axb4 Rxb4+ 42. Kc1 Ne4 43. Rd3+ Ke7 44. Rc8 f5 45. Rc7+ Kf6 46. Rdd7 Rb6 47. Rf7+ Kg6 48. Rg7+ Kh6 49. g4 fxg4 50. Rxg4 Nf6 51. Rg2 Rb4 52. f5 Nd5 53. Rg6+ 1-0

[Event "Helsinki-ch 2012 HSL 75 Group Ch"]
[Site "Helsinki"]
[Date "2012.??.??"]
[Round "10"]
[White "Pelto, Juho"]
[Black "Korhonen, Pasi"]
[Result "0-1"]
[WhiteElo "2036"]
[BlackElo "2071"]
[PlyCount "84"]
[EventDate "2012.??.??"]
[EventType "swiss"]
[EventRounds "11"]
[EventCountry "FIN"]
[SourceTitle "EXT 2022"]
[Source "ChessBase"]
[SourceDate "2021.10.06"]
[SourceVersion "1"]
[SourceVersionDate "2021.10.06"]
[SourceQuality "1"]

1. e4 e6 2. d4 d5 3. Nd2 Nf6 4. e5 Nfd7 5. Bd3 c5 6. c3 Nc6 7. Ne2 cxd4 8. cxd4 f6 9. exf6 Qxf6 10. Nf3 h6 11. 0-0 Bd6 12. Be3 0-0 13. Ng3 Rd8 14. Rc1 Nf8 15. Bb5 Bd7 16. Nh5 Qf7 17. Bxc6 Bxc6 18. Ne5 Bxe5 19. dxe5 d4 20. Bd2 Ng6 21. f4 Nh4 22. Qg4 Nf5 23. Rce1 Bd5 24. b3 Rac8 25. Rc1 Kh7 26. Ng3 Bc6 27. Nxf5 exf5 28. Qh3 Be4 29. Qg3 Qe6 30. Qf2 Qd7 31. Rxc8 Rxc8 32. Rc1 Re8 33. Bb4 Re6 34. Bd6 Rg6 35. g3 d3 36. Qd4 a6 37. Rc7 Qd8 38. e6 Qh4 39. Qf2 Qf6 40. e7 Qxd6 41. e8Q d2 42. Qxe4 fxe4 0-1

[Event "Helsinki-ch 2012 HSL 75 Group Ch"]
[Site "Helsinki"]
[Date "2012.??.??"]
[Round "7"]
[White "Torkkola, Henri"]
[Black "Korhonen, Pasi"]
[Result "1-0"]
[WhiteElo "2045"]
[BlackElo "2071"]
[PlyCount "69"]
[EventDate "2012.??.??"]
[EventType "swiss"]
[EventRounds "11"]
[EventCountry "FIN"]
[SourceTitle "EXT 2022"]
[Source "ChessBase"]
[SourceDate "2021.10.06"]
[SourceVersion "1"]
[SourceVersionDate "2021.10.06"]
[SourceQuality "1"]

1. d4 Nf6 2. c4 e6 3. Nf3 b6 4. a3 Bb7 5. Nc3 Be7 6. d5 d6 7. e4 e5 8. Bd3 0-0 9. 0-0 a5 10. Bd2 Na6 11. Bc2 Nd7 12. Qe2 Bf6 13. Rab1 g6 14. Nd1 Bg7 15. Ne3 Nf6 16. b4 axb4 17. axb4 Nh5 18. g3 Bc8 19. Kg2 Qd7 20. Ra1 Nf4+ 21. gxf4 exf4 22. Nf5 gxf5 23. exf5 Nxb4 24. Rxa8 Nxc2 25. Rxc8 Rxc8 26. Qd3 Na1 27. Bc3 Nb3 28. Bxg7 Nc5 29. Qd4 Qxf5 30. Rg1 Qg4+ 31. Kf1 Qh3+ 32. Rg2 Qxf3 33. Bh6+ Qxg2+ 34. Kxg2 Nd7 35. Qg7# 1-0

[Event "FIN-chT1B 1011"]
[Site "Finland"]
[Date "2011.02.12"]
[Round "7.3"]
[White "Korhonen, Pasi"]
[Black "Kivimaki, Jaakko"]
[Result "1/2-1/2"]
[WhiteElo "2101"]
[BlackElo "2187"]
[PlyCount "25"]
[EventDate "2010.09.18"]
[EventType "team-tourn"]
[EventRounds "9"]
[EventCountry "FIN"]
[SourceTitle "EXT 2022"]
[Source "ChessBase"]
[SourceDate "2021.10.06"]
[SourceVersion "1"]
[SourceVersionDate "2021.10.06"]
[SourceQuality "1"]
[WhiteTeam "Espoo ESK"]
[BlackTeam "Helsinki KS 58"]
[WhiteTeamCountry "FIN"]
[BlackTeamCountry "FIN"]

1. e4 e5 2. Nf3 Nc6 3. Bb5 Nge7 4. 0-0 a6 5. Bc4 Ng6 6. d4 exd4 7. c3 Nce5 8. Bb3 d3 9. Nxe5 Nxe5 10. f4 Ng6 11. Qxd3 Bc5+ 12. Kh1 0-0 13. f5 1/2-1/2

[Event "Helsinki-ch 2012 HSL 75 Group Ch"]
[Site "Helsinki"]
[Date "2011.??.??"]
[Round "1"]
[White "Haapasalo, Jukka Pekka"]
[Black "Korhonen, Pasi"]
[Result "1/2-1/2"]
[WhiteElo "2094"]
[BlackElo "2073"]
[PlyCount "25"]
[EventDate "2011.??.??"]
[EventType "swiss"]
[EventRounds "5"]
[EventCountry "FIN"]
[SourceTitle "EXT 2022"]
[Source "ChessBase"]
[SourceDate "2021.10.06"]
[SourceVersion "1"]
[SourceVersionDate "2021.10.06"]
[SourceQuality "1"]

1. Nf3 Nf6 2. c4 e6 3. b3 Be7 4. g3 b6 5. Bg2 Bb7 6. 0-0 c5 7. d4 cxd4 8. Qxd4 0-0 9. Nc3 Nc6 10. Qf4 d6 11. Rd1 Qb8 12. Ba3 Rd8 13. Rac1 1/2-1/2

[Event "Helsinki-ch 2012 HSL 75 Group Ch"]
[Site "Helsinki"]
[Date "2011.??.??"]
[Round "4"]
[White "Korhonen, Pasi"]
[Black "Mustonen, Ilkka"]
[Result "0-1"]
[WhiteElo "2073"]
[BlackElo "2068"]
[PlyCount "122"]
[EventDate "2011.??.??"]
[EventType "swiss"]
[EventRounds "5"]
[EventCountry "FIN"]
[SourceTitle "EXT 2022"]
[Source "ChessBase"]
[SourceDate "2021.10.06"]
[SourceVersion "1"]
[SourceVersionDate "2021.10.06"]
[SourceQuality "1"]

1. c4 c6 2. e4 d5 3. exd5 cxd5 4. cxd5 Nf6 5. Nc3 g6 6. Bc4 Bg7 7. d3 0-0 8. Nge2 Nbd7 9. 0-0 Nb6 10. Qb3 h6 11. Be3 Nxc4 12. dxc4 b6 13. h3 Ba6 14. Nd4 Rc8 15. Nc6 Qd7 16. Rfe1 Rxc6 17. dxc6 Qxc6 18. Nb5 Bb7 19. f3 Ra8 20. Rad1 Nh5 21. Rd2 Ng3 22. Red1 Nf5 23. Rd8+ Rxd8 24. Rxd8+ Kh7 25. Nxa7 Qe6 26. Bf2 Ba6 27. Nb5 Be5 28. Rd1 Qf6 29. Nc3 Nd6 30. Nd5 Qg5 31. Nxb6 Qf4 32. g3 Qg5 33. Kh2 Qf5 34. c5 Ne4 35. Qe3 Ng5 36. f4 Qxh3+ 37. Kg1 Bb7 38. Nd5 Qg4 39. Rd3 Nh3+ 40. Kh2 Bxd5 41. Rxd5 Nxf4 42. Qe4 f5 43. Rxe5 fxe4 44. Rxe7+ Kg8 45. gxf4 Qxf4+ 46. Bg3 Qf6 47. Re5 h5 48. Re8+ Kf7 49. Rb8 h4 50. Rb7+ Kg8 51. Bd6 e3 52. Rb8+ Kh7 53. Re8 Qf2+ 54. Kh3 g5 55. Be5 e2 56. Re7+ Kg8 57. Bc3 Qf3+ 58. Kh2 g4 59. c6 h3 60. Rg7+ Kf8 61. c7 Qg2# 0-1

[Event "FIN-chT1B 1011"]
[Site "Finland"]
[Date "2010.10.17"]
[Round "5.3"]
[White "Korhonen, Pasi"]
[Black "Anttila, Perttu"]
[Result "1/2-1/2"]
[WhiteElo "2101"]
[BlackElo "2085"]
[PlyCount "37"]
[EventDate "2010.09.18"]
[EventType "team-tourn"]
[EventRounds "9"]
[EventCountry "FIN"]
[SourceTitle "EXT 2022"]
[Source "ChessBase"]
[SourceDate "2021.10.06"]
[SourceVersion "1"]
[SourceVersionDate "2021.10.06"]
[SourceQuality "1"]
[WhiteTeam "Espoo ESK"]
[BlackTeam "Vantaa EtVaS II"]
[WhiteTeamCountry "FIN"]
[BlackTeamCountry "FIN"]

1. c4 g6 2. g3 Nf6 3. Bg2 Bg7 4. Nc3 0-0 5. e4 d6 6. Nge2 Nbd7 7. 0-0 Rb8 8. Rb1 b6 9. d3 Bb7 10. b4 a6 11. a4 e5 12. h3 Ra8 13. Be3 a5 14. b5 Nc5 15. f4 Qe7 16. f5 Nfd7 17. h4 Bf6 18. Bh6 Rfe8 19. Qd2 1/2-1/2

[Event "FIN-ch op"]
[Site "Naantali"]
[Date "2010.07.02"]
[Round "7"]
[White "Heikkila, Antti"]
[Black "Korhonen, Pasi"]
[Result "1/2-1/2"]
[WhiteElo "2050"]
[BlackElo "2108"]
[PlyCount "160"]
[EventDate "2010.06.28"]
[EventType "swiss"]
[EventRounds "9"]
[EventCountry "FIN"]
[SourceTitle "CBM 137 Extra"]
[Source "ChessBase"]
[SourceDate "2010.09.01"]
[SourceVersion "1"]
[SourceVersionDate "2010.09.01"]
[SourceQuality "1"]

1. c4 e5 2. Nf3 Nc6 3. Nc3 Nf6 4. g3 Bb4 5. Bg2 0-0 6. 0-0 Re8 7. d3 h6 8. Bd2 a5 9. Ne1 d6 10. Nc2 Bc5 11. Ne3 Nd4 12. a3 c6 13. Na4 Ba7 14. b4 axb4 15. axb4 Be6 16. Nc2 Nb3 17. Ra3 Nxd2 18. Qxd2 e4 19. Rfa1 exd3 20. exd3 Rc8 21. Nc3 Bb6 22. b5 d5 23. bxc6 bxc6 24. cxd5 cxd5 25. d4 Re7 26. Ne3 Rb7 27. Ra6 Rbb8 28. h3 Ra8 29. Ne2 Rxa6 30. Rxa6 Ne4 31. Qb2 Rb8 32. Nf4 Bc8 33. Ra3 Bc7 34. Rb3 Rxb3 35. Qxb3 Bxf4 36. Qxd5 Qxd5 37. Nxd5 Bxg3 38. fxg3 Nd6 39. Ne7+ Kf8 40. Nxc8 Nxc8 41. Kf2 Ke7 42. Ke3 Kd6 43. Bb7 Nb6 44. Ke4 Na4 45. Kd3 Nb6 46. Ke3 Nd7 47. Kf4 Nf8 48. Ke3 Ne6 49. h4 Nf8 50. Ba8 Nd7 51. Bb7 Nf6 52. Ba8 g5 53. hxg5 hxg5 54. Kf3 Ke6 55. Bb7 Ne8 56. Ba8 Nd6 57. g4 Ne8 58. Bc6 Nf6 59. Bb7 Kd6 60. Ba8 Ng8 61. Bb7 Ne7 62. Ke4 Ke6 63. Ba8 Nc8 64. Bd5+ Kf6 65. Bb3 Ke7 66. Kf5 f6 67. Ke4 Nd6+ 68. Kd5 f5 69. gxf5 Nxf5 70. Kc5 g4 71. Bd5 g3 72. Bh1 Kf6 73. Kd5 Kg5 74. Ke5 Kg4 75. d5 Ne3 76. d6 Nc4+ 77. Ke6 Nxd6 78. Kxd6 Kh3 79. Ke5 g2 80. Bxg2+ Kxg2 1/2-1/2

[Event "San Sebastian op 33rd"]
[Site "San Sebastian"]
[Date "2010.03.29"]
[Round "2"]
[White "Alvarez Pedraza, Aramis"]
[Black "Korhonen, Pasi"]
[Result "1-0"]
[WhiteElo "2486"]
[BlackElo "2102"]
[PlyCount "137"]
[EventDate "2010.03.28"]
[EventType "swiss"]
[EventRounds "9"]
[EventCountry "ESP"]
[SourceTitle "CBM 135 Extra"]
[Source "ChessBase"]
[SourceDate "2010.05.04"]
[SourceVersion "1"]
[SourceVersionDate "2010.05.04"]
[SourceQuality "1"]

1. g3 Nf6 2. Bg2 e5 3. d3 Bc5 4. a3 d5 5. b4 Bb6 6. Bb2 0-0 7. e3 Re8 8. Nd2 c6 9. Ngf3 Nbd7 10. 0-0 a5 11. c4 axb4 12. axb4 Rxa1 13. Qxa1 Bc7 14. Bc3 Qe7 15. Rb1 Nf8 16. b5 Ng6 17. bxc6 bxc6 18. Qa4 Qd7 19. Ne1 Qe6 20. Nb3 Nd7 21. Ba5 Bxa5 22. Nxa5 Ne7 23. Nc2 Qg6 24. cxd5 cxd5 25. Nb4 Qd6 26. Rc1 Nf6 27. Nac6 Bd7 28. Nxe7+ Rxe7 29. Qa5 d4 30. Nc6 Re8 31. exd4 exd4 32. Nb4 h6 33. h3 Be6 34. Rc6 Qd7 35. Kh2 Rb8 36. Qc5 Rd8 37. Ra6 Kh7 38. Nc6 Qd6 39. Qa5 Re8 40. Nb4 Qe7 41. Qb6 Qd8 42. Qc5 Qc8 43. Rc6 Qd7 44. Rd6 Qa4 45. Qxd4 Qd1 46. g4 Qd2 47. Nc6 h5 48. Ne5 hxg4 49. Nxg4 Bxg4 50. hxg4 Qg5 51. Kg3 Nh5+ 52. Kf3 Nf6 53. Qf4 Qh4 54. g5 Qxf4+ 55. Kxf4 Nh5+ 56. Kg4 g6 57. Rd7 Kg8 58. Bd5 Rf8 59. Bc4 Ng7 60. Rd6 Kh7 61. Rf6 Kg8 62. Rxg6 Rd8 63. Rf6 Rd4+ 64. f4 Ne6 65. g6 Kg7 66. Rxf7+ Kxg6 67. Bxe6 Rxd3 68. Bf5+ Kxf7 69. Bxd3 1-0